Electrochemical studies on the corrosion of Al and Al alloys / (Record no. 85615)

MARC details
000 -LEADER
fixed length control field 014610000a22003490004500
003 - CONTROL NUMBER IDENTIFIER
control field EG-GICUC
005 - DATE AND TIME OF LATEST TRANSACTION
control field 20250223033002.0
008 - FIXED-LENGTH DATA ELEMENTS--GENERAL INFORMATION
fixed length control field 070418s2006 ua h f m 000 0 eng d
040 ## - CATALOGING SOURCE
Original cataloging agency EG-GICUC
Language of cataloging eng
Transcribing agency EG-GICUC
041 0# - LANGUAGE CODE
Language code of text/sound track or separate title Eng
049 ## - LOCAL HOLDINGS (OCLC)
Holding library Deposite
097 ## - Thesis Degree
Thesis Level M.Sc
099 ## - LOCAL FREE-TEXT CALL NUMBER (OCLC)
Classification number Cai01.12.11.M.Sc.2006.Am.E
100 0# - MAIN ENTRY--PERSONAL NAME
Personal name Amani Ebaied Fetohi Khalil
245 10 - TITLE STATEMENT
Title Electrochemical studies on the corrosion of Al and Al alloys /
Statement of responsibility, etc. Amani Ebaied Fetohi Khalil ; Supervised Mohammed Wahid Eldin Khalil , Mamdouh Ahmed Abdelrahim , Hanaa Barakat Hasan
246 15 - VARYING FORM OF TITLE
Title proper/short title دراسات كهروكيميائية على تآكل الالومونيوم وسبائكه
260 ## - PUBLICATION, DISTRIBUTION, ETC.
Place of publication, distribution, etc. Cairo :
Name of publisher, distributor, etc. Amani Ebaied Fetohi Khalil ,
Date of publication, distribution, etc. 2006
300 ## - PHYSICAL DESCRIPTION
Extent 100P :
Other physical details facsimiles ;
Dimensions 30cm
502 ## - DISSERTATION NOTE
Dissertation note Thesis (M.Sc.) - Cairo University - Faculty Of Science - Department Of Physical Chemistry
520 ## - SUMMARY, ETC.
Summary, etc. The aim of the present work is the study of the electrochemical corrosion of pure aluminum (9954) and its alloys AA3004 , AA2011 , AA2014 and AA7075 in H2SO4
530 ## - ADDITIONAL PHYSICAL FORM AVAILABLE NOTE
Additional physical form available note Issued also as CD
653 #4 - INDEX TERM--UNCONTROLLED
Uncontrolled term Aluminum
653 #4 - INDEX TERM--UNCONTROLLED
Uncontrolled term Aluminum alloys
653 #4 - INDEX TERM--UNCONTROLLED
Uncontrolled term Corrosion
700 0# - ADDED ENTRY--PERSONAL NAME
Personal name Hanaa Barakat Hasan ,
Relator term
700 0# - ADDED ENTRY--PERSONAL NAME
Personal name Mamdouh Ahmed Abdelrahim ,
Relator term
700 0# - ADDED ENTRY--PERSONAL NAME
Personal name Mohammed Wahid Eldin Khalil ,
Relator term
856 ## - ELECTRONIC LOCATION AND ACCESS
Uniform Resource Identifier <a href="http://172.23.153.220/th.pdf">http://172.23.153.220/th.pdf</a>
905 ## - LOCAL DATA ELEMENT E, LDE (RLIN)
Cataloger Mustafa
Reviser Revisor
905 ## - LOCAL DATA ELEMENT E, LDE (RLIN)
Cataloger Samia
Reviser Cataloger
942 ## - ADDED ENTRY ELEMENTS (KOHA)
Source of classification or shelving scheme Dewey Decimal Classification
Koha item type Thesis
Holdings
Source of classification or shelving scheme Not for loan Home library Current library Date acquired Full call number Barcode Date last seen Koha item type Copy number
Dewey Decimal Classification   المكتبة المركزبة الجديدة - جامعة القاهرة قاعة الرسائل الجامعية - الدور الاول 11.02.2024 Cai01.12.11.M.Sc.2006.Am.E 01010110046898000 22.09.2023 Thesis  
Dewey Decimal Classification   المكتبة المركزبة الجديدة - جامعة القاهرة مخـــزن الرســائل الجـــامعية - البدروم 11.02.2024 Cai01.12.11.M.Sc.2006.Am.E 01020110046898000 22.09.2023 CD - Rom 46898.CD
Cairo University Libraries Portal Implemented & Customized by: Eng. M. Mohamady Contacts: new-lib@cl.cu.edu.eg | cnul@cl.cu.edu.eg
CUCL logo CNUL logo
© All rights reserved — Cairo University Libraries
CUCL logo
Implemented & Customized by: Eng. M. Mohamady Contact: new-lib@cl.cu.edu.eg © All rights reserved — New Central Library
CNUL logo
Implemented & Customized by: Eng. M. Mohamady Contact: cnul@cl.cu.edu.eg © All rights reserved — Cairo National University Library